000 00445nam a2200169Ia 4500
008 131103s9999 xx 000 0 und d
040 _aLoreto College
041 _aEnglish
082 _a973/MIE
_bLCLIB/13365
100 _aMiers,Earl Schenck
245 _aGrant's Civil War
_cEarl Schenck Miers
260 _aNew York
_bCollier Books
_c1962
300 _a480 p.
_c 18 cm.
650 _aHistory - Civil War
850 _aLCLIB
942 _cBK
999 _c19651
_d70130